Orbitals in chemistry : a modern guide for students (Record no. 86698)

MARC details
000 -LEADER
fixed length control field 00831nam a2200253 a 4500
003 - CONTROL NUMBER IDENTIFIER
control field CBULib
005 - DATE AND TIME OF LATEST TRANSACTION
control field 20260511142023.0
008 - FIXED-LENGTH DATA ELEMENTS--GENERAL INFORMATION
fixed length control field 120416s2000 ||||||||||||||||| || u
020 ## - INTERNATIONAL STANDARD BOOK NUMBER
International Standard Book Number 052166649X
020 ## - INTERNATIONAL STANDARD BOOK NUMBER
International Standard Book Number 9780521666497
040 ## - CATALOGING SOURCE
Language of cataloging English
Transcribing agency CBULib
Description conventions rda
050 ## - LIBRARY OF CONGRESS CALL NUMBER
Classification number QD 461 Gil
100 ## - MAIN ENTRY--PERSONAL NAME
Personal name Gil, Victor M. S., 1939-
245 10 - TITLE STATEMENT
Title Orbitals in chemistry : a modern guide for students
Statement of responsibility, etc / by Victor M. S. Gil
260 ## - PUBLICATION, DISTRIBUTION, ETC. (IMPRINT)
Place of publication, distribution, etc Cambridge :
Name of publisher, distributor, etc Cambridge University Press,
Date of publication, distribution, etc 2000
300 ## - PHYSICAL DESCRIPTION
Extent xii, 314 pages : illustrations
336 ## - CONTENT TYPE
Source rdacontent
Content type term Text |
Content type code txt
337 ## - MEDIA TYPE
Source rdamedia
Media type term Unmediated |
Media type code n
338 ## - CARRIER TYPE
Source rdacarrier
Carrier type term Volume
Carrier type code nc
650 #0 - SUBJECT ADDED ENTRY--TOPICAL TERM
Topical term or geographic name as entry element CHEMISTRY--HANDBOOKS, MANUALS, ETC
9 (RLIN) 3623
650 #0 - SUBJECT ADDED ENTRY--TOPICAL TERM
Topical term or geographic name as entry element MOLECULAR ORBITALS
9 (RLIN) 5442
942 ## - ADDED ENTRY ELEMENTS (KOHA)
Source of classification or shelving scheme
Koha item type MONOGRAPH
Holdings
Withdrawn status Lost status Source of classification or shelving scheme Damaged status Not for loan Collection code Permanent Location Current Location Shelving location Date acquired Inventory number Total Checkouts Full call number Barcode Date last seen Price effective from Koha item type
          Main Library Open Access Collection CBU-MAIN LIBRARY, KITWE. CBU-MAIN LIBRARY, KITWE. General Stacks 05/11/2026 735026   QD 461 Gil 038251 05/11/2026 05/11/2026 MONOGRAPH